Library Catalog

Classic Nordic knits for kids : (Record no. 492957)

MARC details
000 -LEADER
fixed length control field 00743nam a22002177a 4500
003 - CONTROL NUMBER IDENTIFIER
control field OSt
005 - DATE AND TIME OF LATEST TRANSACTION
control field 20260602125052.0
008 - FIXED-LENGTH DATA ELEMENTS--GENERAL INFORMATION
fixed length control field 260602b |||||||| |||| 00| 0 eng d
020 ## - INTERNATIONAL STANDARD BOOK NUMBER
International Standard Book Number 9781800922129
040 ## - CATALOGING SOURCE
Original cataloging agency Kenya National Library Service
082 ## - DEWEY DECIMAL CLASSIFICATION NUMBER
Classification number 746.43 PAS
100 ## - MAIN ENTRY--PERSONAL NAME
Personal name Påskesen, Trine Frank
Relator term Author
245 ## - TITLE STATEMENT
Title Classic Nordic knits for kids :
Remainder of title 21 beautiful designs /
Statement of responsibility, etc. Trine Frank Påskesen.
300 ## - PHYSICAL DESCRIPTION
Extent 144 pages :
Dimensions 27 cm.
520 ## - SUMMARY, ETC.
Summary, etc. Discover a charming collection of 21 gorgeous, Nordic-inspired knitted designs, to suit children up to 6 years.
650 ## - SUBJECT ADDED ENTRY--TOPICAL TERM
Topical term or geographic name entry element Textile arts.
650 ## - SUBJECT ADDED ENTRY--TOPICAL TERM
Topical term or geographic name entry element Knitting.
942 ## - ADDED ENTRY ELEMENTS (KOHA)
Source of classification or shelving scheme Dewey Decimal Classification
Koha item type Books
Suppress in OPAC No
Holdings
Withdrawn status Source of classification or shelving scheme Damaged status Not for loan Home library Current library Date acquired Source of acquisition Cost, normal purchase price Total checkouts Full call number Barcode Date last seen Price effective from Koha item type
  Dewey Decimal Classification     Buru Buru Library Acquisition, Cataloguing, Classification and Distribution Development 06/02/2026 BAI 1874.00   746.43 PAS B231145 06/02/2026 06/02/2026 Books

© 2025, Kenya National Library Service | Designed & Maintained by Uvumbuzi Center